[Event "Berlin Lichtenberger op 17th"]
[Site "Berlin"]
[Date "2018.08.26"]
[Round "9"]
[White "Kujawa, Werner"]
[Black "Bastian, Reinhard"]
[Result "0-1"]
[WhiteElo "1726"]
[BlackElo "1667"]
[PlyCount "54"]
[EventDate "2018.08.18"]
[EventType "swiss"]
[EventRounds "9"]
[EventCountry "GER"]
[SourceTitle "CBM 186 Extra"]
[Source "ChessBase"]
[SourceDate "2018.08.24"]
[SourceVersion "1"]
[SourceVersionDate "2018.08.24"]
[SourceQuality "1"]

1. e4 e6 2. d4 d5 3. Nd2 Nf6 4. e5 Nfd7 5. Bd3 c5 6. c3 Nc6 7. Ne2 cxd4 8. cxd4 f6 9. exf6 Nxf6 10. Nf3 Bd6 11. 0-0 0-0 12. Nc3 a6 13. Re1 Qc7 14. Bb1 Ng4 15. h3 Bh2+ 16. Kf1 Nxf2 17. Kxf2 Qg3+ 18. Kf1 e5 19. dxe5 Bxh3 20. Qxd5+ Kh8 21. gxh3 Rxf3+ 22. Ke2 Rf2+ 23. Kd1 Rd8 24. Qxd8+ Nxd8 25. Be4 Qxh3 26. Re3 Qg4+ 27. Ne2 Bf4 0-1

[Event "Berlin Lichtenberger op 17th"]
[Site "Berlin"]
[Date "2018.08.20"]
[Round "3"]
[White "Matitschka, Heinz"]
[Black "Kujawa, Werner"]
[Result "1-0"]
[WhiteElo "1938"]
[BlackElo "1726"]
[PlyCount "55"]
[EventDate "2018.08.18"]
[EventType "swiss"]
[EventRounds "9"]
[EventCountry "GER"]
[SourceTitle "CBM 186 Extra"]
[Source "ChessBase"]
[SourceDate "2018.08.24"]
[SourceVersion "1"]
[SourceVersionDate "2018.08.24"]
[SourceQuality "1"]

1. d4 Nf6 2. c4 c5 3. d5 b5 4. Qc2 bxc4 5. e4 d6 6. Bxc4 g6 7. Nc3 Bg7 8. h3 0-0 9. Nf3 Nbd7 10. 0-0 a6 11. Re1 Qc7 12. Bf4 Nb6 13. Bf1 Bd7 14. Rad1 Rfc8 15. Qc1 Na4 16. e5 Nh5 17. Bh2 Nxc3 18. bxc3 Bf8 19. g4 Ng7 20. Qf4 Qa5 21. Ng5 Be8 22. exd6 exd6 23. Rd3 h6 24. Ne4 g5 25. Nf6+ Kh8 26. Qe4 Nf5 27. Qxf5 Kg7 28. Qh7+ 1-0

[Event "Berlin Lichtenberger op 17th"]
[Site "Berlin"]
[Date "2018.08.19"]
[Round "2"]
[White "Kujawa, Werner"]
[Black "Ruddat, Jarne"]
[Result "1-0"]
[WhiteElo "1726"]
[BlackElo "1347"]
[PlyCount "49"]
[EventDate "2018.08.18"]
[EventType "swiss"]
[EventRounds "9"]
[EventCountry "GER"]
[SourceTitle "CBM 186 Extra"]
[Source "ChessBase"]
[SourceDate "2018.08.24"]
[SourceVersion "1"]
[SourceVersionDate "2018.08.24"]
[SourceQuality "1"]

1. e4 e5 2. Nf3 Nc6 3. Bb5 a6 4. Ba4 Nf6 5. 0-0 Bc5 6. c3 b5 7. Bc2 d5 8. exd5 Qxd5 9. d4 exd4 10. Bb3 Qd6 11. Re1+ Be6 12. Ng5 Nd8 13. Qf3 Rb8 14. Bf4 Qd7 15. cxd4 Bxd4 16. Nc3 Bxc3 17. Qxc3 Rb7 18. Rad1 Qc8 19. Nxe6 Nxe6 20. Qc6+ Kf8 21. Bd6+ Kg8 22. Rxe6 Rb6 23. Re7 h6 24. Bxf7+ Kh7 25. Qc2+ 1-0

[Event "Berlin Werner Ott op"]
[Site "Berlin"]
[Date "2018.06.30"]
[Round "1"]
[White "Kujawa, Werner"]
[Black "Kohler, Thomas"]
[Result "0-1"]
[WhiteElo "1725"]
[BlackElo "2147"]
[PlyCount "52"]
[EventDate "2018.06.30"]
[EventType "swiss"]
[EventRounds "9"]
[EventCountry "GER"]
[SourceTitle "CBM 185 Extra"]
[Source "ChessBase"]
[SourceDate "2018.07.29"]
[SourceVersion "1"]
[SourceVersionDate "2018.07.29"]
[SourceQuality "1"]

1. e4 c5 2. Nc3 e6 3. Nge2 a6 4. a4 Nc6 5. d4 cxd4 6. Nxd4 Qc7 7. Be3 Nf6 8. Be2 Bb4 9. f3 d5 10. Nxc6 bxc6 11. exd5 Nxd5 12. Bd2 Bd6 13. Ne4 Bxh2 14. c4 Nf6 15. Nxf6+ gxf6 16. Bc3 Bg3+ 17. Kd2 Be5 18. Qg1 Bxc3+ 19. bxc3 c5 20. a5 Rb8 21. Qc1 Bd7 22. Qa3 Qe5 23. Rhb1 Rd8 24. Ke1 Qg3+ 25. Kd1 Ba4+ 26. Kc1 Qe1+ 0-1

[Event "Berlin-ch Seniors op 34th"]
[Site "Berlin"]
[Date "2018.02.08"]
[Round "9"]
[White "Kujawa, Werner"]
[Black "Krause, Werner1111"]
[Result "1-0"]
[WhiteElo "1742"]
[BlackElo "1625"]
[PlyCount "61"]
[EventDate "2018.01.30"]
[EventType "swiss"]
[EventRounds "9"]
[EventCountry "GER"]
[SourceTitle "EXT 2020"]
[Source "ChessBase"]
[SourceDate "2019.10.17"]
[SourceVersion "1"]
[SourceVersionDate "2019.10.17"]
[SourceQuality "1"]

1. e4 e5 2. Nf3 f5 3. d4 fxe4 4. Nxe5 Nf6 5. Bg5 Be7 6. Bc4 d5 7. Bb3 0-0 8. 0-0 c6 9. a4 Nbd7 10. f4 exf3 11. Nxf3 Ne4 12. Bxe7 Qxe7 13. a5 a6 14. c3 Ndf6 15. Ne5 Be6 16. Na3 Kh8 17. Qe2 Bf7 18. Nc2 Bh5 19. g4 Bf7 20. Ne3 Be6 21. Nf5 Bxf5 22. Rxf5 Nd7 23. Raf1 Nxe5 24. Rxe5 Rxf1+ 25. Qxf1 Qd7 26. Rf5 Kg8 27. Qf4 g6 28. Re5 Rf8 29. Qxe4 Qf7 30. Qe2 Qf4 31. Re8 1-0

[Event "Berlin-ch Seniors op 32nd"]
[Site "Berlin"]
[Date "2016.02.04"]
[Round "9"]
[White "Kapr, Klaus"]
[Black "Kujawa, Werner"]
[Result "1-0"]
[WhiteElo "2006"]
[BlackElo "1761"]
[PlyCount "61"]
[EventDate "2016.01.26"]
[EventType "swiss"]
[EventRounds "9"]
[EventCountry "GER"]
[SourceTitle "EXT 2019"]
[Source "ChessBase"]
[SourceDate "2018.10.10"]
[SourceVersion "1"]
[SourceVersionDate "2018.10.10"]
[SourceQuality "1"]

1. e4 e6 2. d4 d5 3. Nc3 Nf6 4. Bg5 Be7 5. e5 Nfd7 6. h4 a6 7. Qh5 c5 8. Nf3 Nc6 9. 0-0-0 cxd4 10. Nxd4 Ndxe5 11. f4 Nxd4 12. Rxd4 Nc6 13. Rd2 g6 14. Qf3 Qa5 15. h5 d4 16. hxg6 f6 17. g7 Rg8 18. Qh5+ Kd7 19. Qxh7 Qd8 20. Bh4 Qe8 21. Ne4 Qf7 22. Nxf6+ Bxf6 23. Bxf6 Kc7 24. Qxg8 Qxg8 25. Rh8 Bd7 26. Rxg8 Rxg8 27. Bd3 Kd6 28. Bh7 Ne7 29. Bxe7+ Kxe7 30. Bxg8 Kf6 31. Rxd4 1-0

[Event "Berlin-ch Seniors op 32nd"]
[Site "Berlin"]
[Date "2016.02.02"]
[Round "7"]
[White "Oppermann, Peter"]
[Black "Kujawa, Werner"]
[Result "0-1"]
[WhiteElo "1933"]
[BlackElo "1761"]
[PlyCount "182"]
[EventDate "2016.01.26"]
[EventType "swiss"]
[EventRounds "9"]
[EventCountry "GER"]
[SourceTitle "EXT 2019"]
[Source "ChessBase"]
[SourceDate "2018.10.10"]
[SourceVersion "1"]
[SourceVersionDate "2018.10.10"]
[SourceQuality "1"]

1. d4 Nf6 2. Nf3 d5 3. b3 g6 4. Bb2 Bg7 5. e3 Bg4 6. Be2 0-0 7. Nbd2 c6 8. h3 Bxf3 9. Bxf3 Nbd7 10. 0-0 Nb6 11. c4 Re8 12. Be2 Qc7 13. Qc2 dxc4 14. bxc4 c5 15. Nf3 cxd4 16. exd4 Qf4 17. Bc1 Qe4 18. Bd3 Qc6 19. Rb1 Rac8 20. Ne5 Qc7 21. Be3 Nfd5 22. Qb3 Nxe3 23. fxe3 Bxe5 24. dxe5 Qxe5 25. Rbe1 Qc5 26. Kh1 Nxc4 27. Qxb7 Nxe3 28. Rf3 Nd5 29. Re4 Rc7 30. Qb3 e6 31. Bc4 Rcc8 32. a4 Rb8 33. Qd3 Nb6 34. Bb5 Red8 35. Qe2 Qc1+ 36. Rf1 Qc7 37. Ref4 Rf8 38. Bd3 Nd5 39. Rc4 Qe7 40. Bc2 Qd6 41. Qd2 Rb4 42. Rc3 Qe5 43. Rcf3 Rb2 44. Qf2 f5 45. Qc5 Qc7 46. Qxc7 Nxc7 47. Bb3 Rb8 48. Rc3 R8xb3 49. Rxc7 Rb7 50. Rfc1 Kf8 51. R1c6 e5 52. Rf6+ Kg8 53. Rff7 Rb1+ 54. Kh2 Rxc7 55. Rxc7 e4 56. Rxa7 f4 57. a5 Rb2 58. Re7 e3 59. a6 Ra2 60. a7 e2 61. Rxe2 Rxa7 62. Re4 g5 63. h4 h6 64. hxg5 hxg5 65. Kh3 Ra3+ 66. Kh2 Kf7 67. Re5 Kf6 68. Re8 Kf5 69. Rf8+ Kg4 70. Rf7 Rg3 71. Kh1 f3 72. gxf3+ Rxf3 73. Rg7 Kh4 74. Rh7+ Kg3 75. Kg1 g4 76. Rg7 Rb3 77. Kf1 Rb1+ 78. Ke2 Kh3 79. Rh7+ Kg2 80. Rg7 g3 81. Ke3 Kh2 82. Rh7+ Kg1 83. Rg7 g2 84. Kf3 Rb2 85. Ke3 Rb3+ 86. Ke2 Rh3 87. Ke1 Re3+ 88. Kd2 Re6 89. Kd1 Re4 90. Kd2 Kf2 91. Rf7+ Kg3 0-1

[Event "Berlin-ch Seniors op 32nd"]
[Site "Berlin"]
[Date "2016.01.28"]
[Round "3"]
[White "Schmidt, Dietrich"]
[Black "Kujawa, Werner"]
[Result "0-1"]
[WhiteElo "1905"]
[BlackElo "1761"]
[PlyCount "114"]
[EventDate "2016.01.26"]
[EventType "swiss"]
[EventRounds "9"]
[EventCountry "GER"]
[SourceTitle "EXT 2019"]
[Source "ChessBase"]
[SourceDate "2018.10.10"]
[SourceVersion "1"]
[SourceVersionDate "2018.10.10"]
[SourceQuality "1"]

1. e4 c5 2. Nf3 d6 3. d4 cxd4 4. Nxd4 Nf6 5. Nc3 a6 6. Bg5 e6 7. f4 Be7 8. Qf3 0-0 9. 0-0-0 Qc7 10. Be2 h6 11. h4 Nc6 12. Nb3 Na5 13. g4 Nxb3+ 14. axb3 b5 15. Bxf6 Bxf6 16. g5 Bxc3 17. bxc3 h5 18. Qxh5 Qxc3 19. Qf3 Qa1+ 20. Kd2 Qa5+ 21. Qc3 Qb6 22. Kc1 Bb7 23. Bf3 Rac8 24. Qd4 Qxd4 25. Rxd4 Rc3 26. Bd1 Rfc8 27. Kd2 R3c6 28. Re1 Kf8 29. Re3 Ke7 30. e5 dxe5 31. fxe5 Rd8 32. Rxd8 Kxd8 33. Bh5 g6 34. Bf3 Rc7 35. Rd3+ Ke7 36. Bxb7 Rxb7 37. b4 Rd7 38. Ke3 Rc7 39. c3 Rc4 40. Rd6 Rxc3+ 41. Kd2 Rc4 42. Rxa6 Rxh4 43. Ra7+ Kf8 44. Kc3 Re4 45. Ra8+ Kg7 46. Rc8 Re3+ 47. Kd4 Rb3 48. Rc5 Rxb4+ 49. Kc3 Rg4 50. Rxb5 Rxg5 51. Kd4 Rf5 52. Ke4 g5 53. Rb1 Kg6 54. Rb5 g4 55. Rb8 Kg5 56. Rh8 g3 57. Rh7 Kg4 0-1

[Event "Berlin-ch Seniors op 32nd"]
[Site "Berlin"]
[Date "2016.01.27"]
[Round "2"]
[White "Kujawa, Werner"]
[Black "Toth, Hans Juergen"]
[Result "1-0"]
[WhiteElo "1761"]
[BlackElo "1585"]
[PlyCount "77"]
[EventDate "2016.01.26"]
[EventType "swiss"]
[EventRounds "9"]
[EventCountry "GER"]
[SourceTitle "EXT 2019"]
[Source "ChessBase"]
[SourceDate "2018.10.10"]
[SourceVersion "1"]
[SourceVersionDate "2018.10.10"]
[SourceQuality "1"]

1. e4 e6 2. d4 d5 3. Nd2 Nf6 4. e5 Nfd7 5. Bd3 c5 6. c3 a6 7. f4 Nc6 8. Ne2 cxd4 9. cxd4 Be7 10. Nf3 Nb4 11. Bb1 0-0 12. 0-0 f5 13. exf6 Bxf6 14. a3 Nc6 15. Qd3 g6 16. Be3 Ne7 17. Ba2 Nb6 18. Ne5 Nf5 19. Bd2 Qe8 20. g4 Nd6 21. Ng3 Bd7 22. Qb3 Nbc4 23. Bb4 Bb5 24. Bxd6 Nxd6 25. Rfc1 Rc8 26. Qb4 Be7 27. Qd2 Qd8 28. Rxc8 Nxc8 29. Rc1 Nd6 30. Qe3 Qb6 31. Kg2 Rc8 32. Rxc8+ Nxc8 33. f5 g5 34. fxe6 Qxe6 35. Nf5 Bf8 36. Qxg5+ Kh8 37. Qd8 Qe8 38. Qf6+ Kg8 39. Bxd5+ 1-0

[Event "Berlin-ch Seniors op 32nd"]
[Site "Berlin"]
[Date "2016.01.26"]
[Round "1"]
[White "Heckert, Klaus Dieter"]
[Black "Kujawa, Werner"]
[Result "1-0"]
[WhiteElo "2069"]
[BlackElo "1761"]
[PlyCount "145"]
[EventDate "2016.01.26"]
[EventType "swiss"]
[EventRounds "9"]
[EventCountry "GER"]
[SourceTitle "EXT 2019"]
[Source "ChessBase"]
[SourceDate "2018.10.10"]
[SourceVersion "1"]
[SourceVersionDate "2018.10.10"]
[SourceQuality "1"]

1. e4 e6 2. d4 d5 3. e5 c5 4. Nf3 Nc6 5. Bd3 cxd4 6. 0-0 Bc5 7. a3 a5 8. Re1 Nge7 9. Nbd2 Ng6 10. Nf1 Qc7 11. Qe2 Bd7 12. Ng3 0-0-0 13. b4 Bb6 14. Bb2 Nf4 15. Qd2 Nxd3 16. Qxd3 a4 17. Rac1 Na7 18. Bxd4 Bb5 19. Qe3 Bxd4 20. Nxd4 Bc4 21. Nxe6 fxe6 22. Qxa7 b5 23. Qe3 Qe7 24. Ne2 Bxe2 25. Rxe2 Qc7 26. Rd2 Rdf8 27. Rd3 Kb7 28. f4 Qb6 29. Qxb6+ Kxb6 30. Rf1 Rc8 31. c3 Rc4 32. f5 exf5 33. Rxf5 Rhc8 34. Rff3 Kc6 35. Rde3 Re4 36. Kf2 Rxe3 37. Kxe3 Kd7 38. Kd3 Ke6 39. Re3 Rc7 40. g4 g5 41. Rf3 Kxe5 42. Rf5+ Ke6 43. Rxg5 Rf7 44. Rh5 Rc7 45. h3 Rf7 46. Kd4 Rf4+ 47. Kc5 Rc4+ 48. Kxb5 Rxc3 49. Kxa4 d4 50. Rh6+ Kd5 51. Rxh7 d3 52. Rd7+ Ke4 53. b5 Rc4+ 54. Ka5 Rd4 55. Rxd4+ Kxd4 56. b6 d2 57. b7 d1Q 58. b8Q Qf3 59. Qd6+ Ke3 60. Qe5+ Kd2 61. Qb2+ Ke1 62. Qb4+ Kf2 63. h4 Qa8+ 64. Kb5 Qb7+ 65. Ka4 Qd7+ 66. Kb3 Qf7+ 67. Qc4 Qf3+ 68. Kb2 Qf6+ 69. Kc2 Qxh4 70. a4 Qh7+ 71. Kc3 Qh3+ 72. Kb4 Qh1 73. a5 1-0

[Event "Berlin-ch Seniors op 31st"]
[Site "Berlin"]
[Date "2015.02.02"]
[Round "4"]
[White "Luebbers, Doris"]
[Black "Kujawa, Werner"]
[Result "0-1"]
[WhiteElo "1298"]
[BlackElo "1557"]
[PlyCount "94"]
[EventDate "2015.01.29"]
[EventType "swiss"]
[EventRounds "9"]
[EventCountry "GER"]
[SourceTitle "EXT 2018"]
[Source "ChessBase"]
[SourceDate "2017.10.13"]
[SourceVersion "1"]
[SourceVersionDate "2017.10.13"]
[SourceQuality "1"]

1. d4 Nf6 2. Nf3 e6 3. c4 b6 4. e3 Bb7 5. Be2 c5 6. 0-0 d5 7. cxd5 exd5 8. b3 a6 9. Bb2 Bd6 10. Nbd2 0-0 11. Ne5 Nbd7 12. Ndf3 Ne4 13. Nxd7 Qxd7 14. Ne5 Qe7 15. f3 Ng5 16. Qd2 Rac8 17. Rac1 Rfe8 18. Rfe1 f6 19. Ng4 h5 20. Nf2 Qxe3 21. Qxe3 Rxe3 22. Bf1 Rce8 23. Rxe3 Rxe3 24. Nd3 c4 25. bxc4 dxc4 26. Nf2 b5 27. Bc3 Ba3 28. Rc2 Bd5 29. Ba5 b4 30. Be2 Nf7 31. Nd1 Re8 32. Kf2 b3 33. axb3 cxb3 34. Rd2 Bc1 35. Bxa6 Bxd2 36. Bxd2 Ra8 37. Be2 Ra2 38. Bc3 Nd6 39. Nb2 Nc4 40. Bxc4 Bxc4 41. g3 Bd5 42. h4 Ra1 43. Nd3 Rd1 44. Nb2 Rc1 45. Na4 Bc6 46. Bd2 Rc2 47. Nc5 Rxd2+ 0-1

[Event "Berlin-ch Seniors op 31st"]
[Site "Berlin"]
[Date "2015.01.29"]
[Round "1"]
[White "Kujawa, Werner"]
[Black "Lohse, Steffen"]
[Result "1/2-1/2"]
[WhiteElo "1557"]
[BlackElo "1906"]
[PlyCount "88"]
[EventDate "2015.01.29"]
[EventType "swiss"]
[EventRounds "9"]
[EventCountry "GER"]
[SourceTitle "EXT 2018"]
[Source "ChessBase"]
[SourceDate "2017.10.13"]
[SourceVersion "1"]
[SourceVersionDate "2017.10.13"]
[SourceQuality "1"]

1. d4 d5 2. c4 e6 3. Nc3 c6 4. cxd5 exd5 5. Nf3 Bf5 6. e3 Nd7 7. Bd3 Bg6 8. Bxg6 hxg6 9. Qd3 Bd6 10. Bd2 Ngf6 11. h3 Qe7 12. 0-0-0 Ne4 13. Rhf1 b5 14. Qc2 0-0 15. Nxe4 dxe4 16. Ng1 c5 17. d5 Nb6 18. Ba5 Nc4 19. Bc3 b4 20. Bxg7 Kxg7 21. Qxc4 Be5 22. f4 exf3 23. gxf3 Bf6 24. Rfe1 Qd6 25. Kb1 Rfe8 26. Rc1 Rac8 27. f4 Qd7 28. e4 Bd4 29. Nf3 Bf2 30. Re2 Bg3 31. e5 Qxh3 32. d6 Red8 33. Ng5 Qf5+ 34. Ka1 Qxf4 35. Qxf7+ Qxf7 36. Nxf7 Kxf7 37. e6+ Ke8 38. d7+ Rxd7 39. exd7+ Kxd7 40. Rg2 Be5 41. Rxg6 Rc6 42. Rd1+ Kc7 43. Rg8 Rd6 44. Rxd6 Bxd6 1/2-1/2

[Event "Berlin Lichtenberger op 13th"]
[Site "Berlin"]
[Date "2014.08.21"]
[Round "6"]
[White "Poeltelt, Helmut"]
[Black "Kujawa, Werner"]
[Result "1-0"]
[WhiteElo "1745"]
[BlackElo "1814"]
[PlyCount "87"]
[EventDate "2014.08.16"]
[EventType "swiss"]
[EventRounds "9"]
[EventCountry "GER"]
[SourceTitle "CBM 161 Extra"]
[Source "ChessBase"]
[SourceDate "2014.08.29"]
[SourceVersion "1"]
[SourceVersionDate "2014.08.29"]
[SourceQuality "1"]

1. e4 e6 2. d4 d5 3. Nd2 Nf6 4. e5 Nfd7 5. f4 c5 6. c3 Nc6 7. Ndf3 Qb6 8. Ne2 Be7 9. g3 0-0 10. Bg2 f6 11. 0-0 cxd4 12. cxd4 fxe5 13. fxe5 Ndxe5 14. Nxe5 Nxe5 15. Kh1 Ng6 16. b3 Bd7 17. Rxf8+ Rxf8 18. Bb2 Rc8 19. Rc1 a5 20. Rxc8+ Bxc8 21. Qc1 Bd7 22. h4 Bf6 23. h5 Ne7 24. h6 Nf5 25. hxg7 Bxg7 26. Qf4 Qd6 27. Qf2 Bb5 28. g4 Nh6 29. Bf3 Bd7 30. g5 Nf5 31. Bg4 Qc7 32. Nf4 Qd6 33. Nh5 Bh8 34. Bxf5 exf5 35. Qg2 Kf7 36. Qf2 Kg6 37. Qf3 Kf7 38. Nf4 Be6 39. Qh5+ Kg8 40. Qh6 Kf7 41. Qxh7+ Bg7 42. Qg6+ Ke7 43. Qxg7+ Bf7 44. Qe5+ 1-0

[Event "Berlin Werner Ott op"]
[Site "Berlin"]
[Date "2014.07.12"]
[Round "8"]
[White "Kujawa, Werner"]
[Black "Richter, Goetz"]
[Result "0-1"]
[WhiteElo "1820"]
[BlackElo "2032"]
[PlyCount "78"]
[EventDate "2014.07.05"]
[EventType "swiss"]
[EventRounds "9"]
[EventCountry "GER"]
[SourceTitle "CBM 161 Extra"]
[Source "ChessBase"]
[SourceDate "2014.08.29"]
[SourceVersion "1"]
[SourceVersionDate "2014.08.29"]
[SourceQuality "1"]

1. e4 c5 2. Nc3 e6 3. Nge2 d5 4. exd5 exd5 5. d4 Nf6 6. Bg5 Be6 7. Qd2 Nc6 8. 0-0-0 h6 9. Bxf6 Qxf6 10. f3 0-0-0 11. Kb1 g5 12. Qe3 Bg7 13. Qc1 Qe7 14. dxc5 Qxc5 15. Ka1 Kb8 16. h4 d4 17. Nb1 Qc4 18. Nec3 dxc3 19. Rxd8+ Rxd8 20. Bxc4 cxb2+ 21. Qxb2 Bxb2+ 22. Kxb2 Bxc4 23. hxg5 hxg5 24. Rh5 f6 25. f4 g4 26. Rf5 Rd6 27. Nc3 Nd4 28. Rc5 Rb6+ 29. Kc1 Bf1 30. Rd5 Ne2+ 31. Kd2 Nxc3 32. Kxc3 Bxg2 33. Rd8+ Kc7 34. Rg8 f5 35. Rg5 Be4 36. Rg7+ Kd8 37. Rg8+ Ke7 38. Rg7+ Kf8 39. Rg5 Kf7 0-1

[Event "Berlin Werner Ott op"]
[Site "Berlin"]
[Date "2014.07.10"]
[Round "6"]
[White "Kujawa, Werner"]
[Black "Krefenstein, Sergej"]
[Result "0-1"]
[WhiteElo "1820"]
[BlackElo "2084"]
[PlyCount "86"]
[EventDate "2014.07.05"]
[EventType "swiss"]
[EventRounds "9"]
[EventCountry "GER"]
[SourceTitle "CBM 161 Extra"]
[Source "ChessBase"]
[SourceDate "2014.08.29"]
[SourceVersion "1"]
[SourceVersionDate "2014.08.29"]
[SourceQuality "1"]

1. e4 e6 2. d4 d5 3. Nc3 Nf6 4. Bg5 Be7 5. Bxf6 Bxf6 6. e5 Be7 7. Qg4 0-0 8. Bd3 c5 9. 0-0-0 cxd4 10. Nce2 Nc6 11. f4 f5 12. Qh3 Nb4 13. Kb1 Qa5 14. Nc1 Bd7 15. Nge2 Rfc8 16. Nxd4 Qb6 17. Nce2 a5 18. g4 Nxd3 19. Rxd3 fxg4 20. Qxg4 a4 21. f5 exf5 22. Nxf5 Bxf5 23. Qxf5 a3 24. Rb3 Qa6 25. Nf4 axb2 26. Qe6+ Qxe6 27. Nxe6 Ra6 28. Nd4 Rc4 29. Rd1 Rca4 30. Rxb2 Ba3 31. Rxb7 Bb4 32. Rg1 g6 33. Nb3 Bc3 34. Rg3 Bxe5 35. Rd3 Rxa2 36. c3 Rxh2 37. Rxd5 Bxc3 38. Rc5 Bf6 39. Rcb5 Raa2 40. Rb8+ Kg7 41. Rd5 Rab2+ 42. Kc1 Kh6 43. Rb7 Bg5+ 0-1

[Event "Berlin Werner Ott op"]
[Site "Berlin"]
[Date "2014.07.09"]
[Round "5"]
[White "Schmidt, Juergen"]
[Black "Kujawa, Werner"]
[Result "1/2-1/2"]
[WhiteElo "1996"]
[BlackElo "1820"]
[PlyCount "74"]
[EventDate "2014.07.05"]
[EventType "swiss"]
[EventRounds "9"]
[EventCountry "GER"]
[SourceTitle "CBM 161 Extra"]
[Source "ChessBase"]
[SourceDate "2014.08.29"]
[SourceVersion "1"]
[SourceVersionDate "2014.08.29"]
[SourceQuality "1"]

1. e4 e6 2. d4 d5 3. Nc3 Nf6 4. exd5 exd5 5. Nf3 c6 6. Bd3 Bd6 7. 0-0 0-0 8. h3 Qc7 9. Re1 Nbd7 10. a4 Bf4 11. Ne2 Bxc1 12. Qxc1 Re8 13. Ng3 Rxe1+ 14. Nxe1 Nf8 15. Nf3 a5 16. Ne5 Ng6 17. Nxg6 hxg6 18. Qd2 Be6 19. c3 Re8 20. Re1 Qd8 21. b4 b6 22. bxa5 bxa5 23. Rb1 Qc7 24. Ne2 Rb8 25. Rb2 Rb6 26. Rxb6 Qxb6 27. Qa2 Qb8 28. Qc2 g5 29. Bf5 Bxf5 30. Qxf5 Ne4 31. Ng3 Nxg3 32. fxg3 Qxg3 33. Qc8+ Kh7 34. Qxc6 Qe1+ 35. Kh2 g4 36. hxg4 Qh4+ 37. Kg1 Qe1+ 1/2-1/2

[Event "Berlin-ch Seniors op 30th"]
[Site "Berlin"]
[Date "2014.02.05"]
[Round "7"]
[White "Hoffmann, Peter"]
[Black "Kujawa, Werner"]
[Result "0-1"]
[WhiteElo "1850"]
[BlackElo "1609"]
[PlyCount "103"]
[EventDate "2014.01.30"]
[EventType "swiss"]
[EventRounds "9"]
[EventCountry "GER"]
[SourceTitle "EXT 2018"]
[Source "ChessBase"]
[SourceDate "2017.10.13"]
[SourceVersion "1"]
[SourceVersionDate "2017.10.13"]
[SourceQuality "1"]

1. d4 Nf6 2. Bg5 e6 3. Nd2 Be7 4. e3 0-0 5. Bd3 d5 6. f4 c5 7. c3 Nbd7 8. Nh3 h6 9. Bh4 b6 10. 0-0 Bb7 11. Qe2 Ne4 12. Bxe7 Qxe7 13. Nxe4 dxe4 14. Bc4 f5 15. Rad1 cxd4 16. Rxd4 Rfd8 17. Rfd1 Nf8 18. Qd2 Rxd4 19. Qxd4 Rc8 20. Nf2 Qc5 21. Bb3 Qxd4 22. Rxd4 Kf7 23. g4 g6 24. Kg2 Ke7 25. Kg3 Rd8 26. Rc4 b5 27. Rc5 a6 28. a4 Kd6 29. Re5 Bc6 30. axb5 axb5 31. gxf5 gxf5 32. c4 Nd7 33. Rxb5 Bxb5 34. cxb5 Rb8 35. Bc4 Nb6 36. Be2 Kc5 37. Nd1 Rg8+ 38. Kf2 Kb4 39. Bh5 Rg7 40. Be8 Re7 41. Bc6 Kb3 42. Ke2 Rc7 43. Kd2 Rg7 44. h4 Nc4+ 45. Ke2 Kc2 46. h5 Rg2+ 47. Nf2 Rg3 48. Nd1 Rg7 49. Ke1 Rg1+ 50. Ke2 Rxd1 51. b3 Rd2+ 52. Ke1 0-1

[Event "Berlin-ch Seniors op 30th"]
[Site "Berlin"]
[Date "2014.02.04"]
[Round "6"]
[White "Kujawa, Werner"]
[Black "Huelle, Gunter"]
[Result "1-0"]
[WhiteElo "1609"]
[BlackElo "1511"]
[PlyCount "69"]
[EventDate "2014.01.30"]
[EventType "swiss"]
[EventRounds "9"]
[EventCountry "GER"]
[SourceTitle "EXT 2018"]
[Source "ChessBase"]
[SourceDate "2017.10.13"]
[SourceVersion "1"]
[SourceVersionDate "2017.10.13"]
[SourceQuality "1"]

1. e4 e6 2. d4 d5 3. Nc3 Nf6 4. Bg5 Be7 5. Bxf6 Bxf6 6. e5 Be7 7. Qg4 0-0 8. Bd3 g6 9. h4 h5 10. Qg3 Kg7 11. Nge2 Rh8 12. Nf4 Rh6 13. 0-0-0 Nd7 14. Kb1 c5 15. Nb5 c4 16. Be2 Kh7 17. Nd6 Bxd6 18. exd6 Nf6 19. Nh3 Ne4 20. Ng5+ Kg8 21. Nxe4 dxe4 22. Bxc4 Kf8 23. d5 exd5 24. Bxd5 f5 25. Qf4 Rh7 26. Bxe4 Bd7 27. f3 Qf6 28. Rhe1 Rb8 29. Bd5 b6 30. Re7 Qh8 31. Rde1 Re8 32. Qg5 Rexe7 33. Rxe7 Be8 34. Rxh7 Qxh7 35. Qf6+ 1-0

[Event "Berlin Lichtenberger op 12th"]
[Site "Berlin"]
[Date "2013.08.23"]
[Round "7"]
[White "Junge, Wolfgang"]
[Black "Kujawa, Werner"]
[Result "1-0"]
[WhiteElo "1819"]
[BlackElo "1814"]
[PlyCount "111"]
[EventDate "2013.08.17"]
[EventType "swiss"]
[EventRounds "9"]
[EventCountry "GER"]
[SourceTitle "CBM 156 Extra"]
[Source "ChessBase"]
[SourceDate "2013.10.22"]
[SourceVersion "1"]
[SourceVersionDate "2013.10.22"]
[SourceQuality "1"]

1. d4 Nf6 2. c4 c5 3. d5 b5 4. cxb5 a6 5. bxa6 Bxa6 6. Nc3 d6 7. e4 Bxf1 8. Kxf1 Nbd7 9. Nge2 g6 10. g3 Bg7 11. Kg2 0-0 12. Qc2 Qa5 13. Bd2 Rfb8 14. f4 Ne8 15. Rab1 Nc7 16. a3 Nb5 17. Rhc1 Nxc3 18. Bxc3 Bxc3 19. Nxc3 Nb6 20. Qe2 Na4 21. Nxa4 Qxa4 22. Rc2 Rb3 23. Rd1 Rab8 24. Rdd2 Qb5 25. Qxb5 R8xb5 26. Kf2 Kg7 27. Ke2 h5 28. Kd1 Rb8 29. Kc1 R8b7 30. Rf2 Re3 31. Rce2 Reb3 32. e5 Ra7 33. exd6 exd6 34. f5 g5 35. f6+ Kg6 36. Re7 Rxe7 37. fxe7 Re3 38. b4 cxb4 39. axb4 Rxe7 40. b5 Rb7 41. Rb2 Kf5 42. Kc2 Ke4 43. Kc3 Kxd5 44. Kb4 Ke4 45. Ka5 d5 46. Ka6 Rd7 47. b6 d4 48. b7 Rxb7 49. Rxb7 f5 50. Kb5 f4 51. gxf4 gxf4 52. Kc4 f3 53. Re7+ Kf5 54. Kxd4 h4 55. Ke3 Kg4 56. Re4+ 1-0

[Event "Berlin Lichtenberger op 12th"]
[Site "Berlin"]
[Date "2013.08.20"]
[Round "4"]
[White "Kujawa, Werner"]
[Black "Bruening, Wolfgang"]
[Result "0-1"]
[WhiteElo "1814"]
[BlackElo "1962"]
[PlyCount "58"]
[EventDate "2013.08.17"]
[EventType "swiss"]
[EventRounds "9"]
[EventCountry "GER"]
[SourceTitle "CBM 156 Extra"]
[Source "ChessBase"]
[SourceDate "2013.10.22"]
[SourceVersion "1"]
[SourceVersionDate "2013.10.22"]
[SourceQuality "1"]

1. e4 e6 2. d4 d5 3. e5 c5 4. c3 Qb6 5. Nf3 Nc6 6. Be2 Nh6 7. b3 cxd4 8. cxd4 Nf5 9. Bb2 Bb4+ 10. Kf1 Bd7 11. Nc3 Rc8 12. Na4 Qc7 13. a3 Be7 14. Rc1 0-0 15. b4 Qd8 16. Nc5 Rc7 17. g3 f6 18. b5 Nxe5 19. Nxe6 Bxe6 20. dxe5 fxe5 21. Bxe5 Bd6 22. Rxc7 Qxc7 23. Bb2 Bc5 24. g4 Nd6 25. Nd4 Qf7 26. Qe1 Ne4 27. Nxe6 Qxe6 28. f3 Qxg4 29. Qd1 Qh3+ 0-1